MDQL
is popping MORE tags! Check the
thread
!
Quizzes
Events
Quiz Creation
Community
Videos
Private Events
Remove Ads
Sign In
Join for FREE
Feedback
Dark Mode
Quiz Categories
Sports
Geography
Music
Movies
Television
Just For Fun
Miscellaneous
History
Literature
Language
Science
Gaming
Entertainment
Religion
Holiday
For Kids
Quiz Lab
Recent
Popular Today
Quiz Kudos Today
Editor Picks
Curator Picks
Quizzes by...
Day
Popularity
Type
Ratings
Length
Year
Community
Subscriptions
Recent Discussions
Orange Saloon
Badges
Playlists
Quests
Create
Leaderboards
Showdown
Live 5
Trivia Bingo
Activity
Puzzle Library
Sporcle Events
Private Events
Virtual Trivia
Globe League
Become a Host
Pub Owners
SporcleCon
Opinionation
Our Games
Videos
Blog
Mobile Apps
Partnerships
Remove Ads and Go Orange
Feedback
Music
Pop Music
The Beatles
Song
Album
Lyrics
Bands
Singers
Artist
Clip
Rock
Rap
Classical
Billboard
Country Music
Kpop
Taylor Swift
Music
Pop Music
The Beatles
Song
Album
Lyrics
Bands
Singers
Artist
Clip
Rock
Rap
Classical
Billboard
Country Music
Kpop
Taylor Swift
Random Quiz
Search Sporcle
×
Quiz Lab
Quiz Lab
Music
Numbers
Type in answers that appear in a list
Type in answers that appear in a list
Classic
Best Score? Go Orange.
2003 UK Number Ones Stats
Can you name the 2003 UK Number Ones?
By
aaaaaaa7
10m
23 Questions
41 Plays
41 Plays
41 Plays
Comments
Comments
Give Quiz Kudos
Give Quiz Kudos
-
- Ratings
hide this ad
Replay
Link that replays current quiz
Next Quiz
Link to next quiz in quiz playlist
You Got
0%
They Got
Avg Score
51%
Avg Friend Score
Upgrade to see
Score Distribution
Jump to the score distribution portion of the page
Score
0/23
Timer
10:00
0
Plays Today
Artist
Song
% Correct
Black Eyed Peas
Where Is The Love?
82.9%
Evanescence
Bring Me To Life
80.5%
Girls Aloud
Sound of the Underground
75.6%
T.A.T.U.
All The Things She Said
73.2%
Christina Aguilera
Beautiful
73.2%
R Kelly
Ignition Remix
73.2%
Michael Andrews and Gary Jules
Mad World
65.9%
Blu Cantrell and Sean Paul
Breathe
63.4%
Gareth Gates and The Kumars
Spirit in the Sky
61%
Beyonce and Jay-
Z
Crazy In Love
58.5%
Kelly and Ozzy Osbourne
Changes
53.7%
Elton John
Are You Ready For Love
51.2%
Artist
Song
% Correct
Busted
Crashed The Wedding
51.2%
Room 5
Make Luv
41.5%
Will Young
Leave Right Now
41.5%
Sugababes
Hole in the Head
34.1%
Fatman Scoop
Be Faithful
34.1%
Tomcraft
Loneliness
31.7%
Kylie Minogue
Slow
31.7%
Busted
You Said No
29.3%
Westlife
Mandy
29.3%
David Sneddon
Stop Living The Lie
26.8%
Daniel Bedingfield
Never Gonna Leave Your Side
12.2%
Quiz Playlist
Details
Report
Send in Message
Add To Playlist
Classic:
Type in answers that appear in a list
Last Updated: Feb 16, 2017
Quiz Scoreboard
CHALLENGE
Sign Up to Join the Scoreboard
Show All
Scores
Hide
Comments
May contain spoilers
Recently Published
Holiday 10x10 Sorting Gallery
by lukepisani3
Holiday
15m
Two Season TV Shows II
by 123Four
Television
10m
Image Sorting: Flags VI
by Barbecue
Geography
2m
More to Explore
Quiz From the Vault
Featured Blog Post
14 Easter Pick-up Lines to Find Eggs With
hide this ad
You Might Also Like...
Tags
Artist Quiz
Nintendo Quiz
Numbers Quiz
Song Quiz
2003
Week
Today's Top Quizzes in Music
Browse Music
hide this ad
Today's Top Quizzes in Numbers
Browse Numbers
Top Contributed Quizzes in Music
1
5X2 Blitz: Bands II
2
Taylor Swift All Songs (2024)
3
5X2 Blitz: The Beatles
4
5X2 Blitz: Billboard
5
Music Artist by Three 2010s hits
6
5X2 Blitz: Billboard II
7
Singers Born in the 1930s
8
5X2 Blitz: Album
9
5X2 Blitz: Rock
10
5X2 Blitz: Singers
Explore More
Trending Topics
Crossword
Disney
Anime
Kpop
Harry Potter
Marvel
NBA
WWE
Country
Soccer
Puzzle
Pokémon
The Office
Song
NFL
hide this ad
More By:
aaaaaaa7
Quiz
Plays
Rating
Category
Featured
Created
Manager of the Month
861
4.38
Sports
May 12, 2012
System of a Down Lyrics
773
4.50
Music
Aug 7, 2010
Rage Against The Machine Lyrics
635
4.20
Music
Dec 20, 2009
Linkin Park UK Top 40 singles
325
2.50
Music
Aug 16, 2011
Clubs Andy Cole Has Scored For
173
4.67
Sports
Aug 21, 2011
Go to Creator's Profile
Score Distribution
Quiz Creator Spotlight
aaaaaaa7
Follow
Send a Message
Quizzes Created
-
Created Quiz Play Count
-
More By This Creator
Popular Quizzes Today
1
Find the US States - No Outlines Minefield
2
Colored Red Africa Blitz
3
Find the 'City' Movie
4
The Countries of the World
5
Find the US States
6
5x2 Blitz: Bands
7
Find the Countries of Europe - No Outlines Minefield
8
US States
More Music Quizzes
Oddly Worded Beatles Songs
Curator's Pick
Trending Quizzes
Colored Red Europe Blitz I
Colored Red Europe Blitz II
Colored Red Africa Blitz II
Colored Red Europe Blitz III
Colored Red Africa Blitz III
Recently Updated
Odd Team Out - Big 4 Players
pecheneg
Quick Pick: 20 Twenties
pecheneg
March Madness Men's Triple Doubles
pecheneg
How Do You Spell That?
pecheneg
Godzilla Movies
pecheneg
Grab Bag: 4-10 Letters
pecheneg
2024 March Madness Bracket
pecheneg
Famous TV Couples
Peacemaker
Champions League XIs: Real Madrid
pecheneg
Largest US Cities 1790-2010
pecheneg
Trending Topics
NBA
Harry Potter
Anime
Marvel
Disney
Crossword
Kpop
NFL
The Office
WWE
Puzzle
Song
Soccer
Pokémon
Country
Your Account Isn't Verified!
In order to create a playlist on Sporcle, you need to verify the email address you used during registration. Go to your
Sporcle Settings
to finish the process.
Report this User
Report this user for behavior that violates our
Community Guidelines
.
Details:
Send Report
Go to the Sporcle.com Mobile Site →
Comments